000 00342nab a22001337a 4500
001 T027600010593-02
008 190830b xxu||||| |||| 00| 0 esp |
040 _aFEVP
_cFEVP
100 _aKalecki, Michal
245 _aAspectos polĂ­ticos del pleno empleo
300 _app. 31-42
650 _aPolĂ­tica de Pleno Empleo--Venezuela.
942 _cANL
999 _c13473
_d13473